000 00604nam a2200193Ia 4500
005 20250923150048.0
008 008 250917s9999 xx 000 0 eng d
037 _aTextual
040 _aDSWL
_beng
_cDSWL
041 _aeng
_2eng
084 _aYX; zT;7.28, POO
_qDSWL
245 4 _aThe rehabilitation of workers affected by colsurel relocation of hazardous Industrial
_cEd. by Mangi Bhagat
260 _aNew Delhi
_b Shri Ram Centre Publication
_c2000
300 _a96p.
365 _aINR
_b150
925 _g150
942 _cTEXL
_hYX; zT;7.28, POO
999 _c1459115
_d1459115